Complex variables and applications (Record no. 3507)

000 -LEADER
fixed length control field 00586nam a22002297a 4500
001 - CONTROL NUMBER
control field 3507
003 - CONTROL NUMBER IDENTIFIER
control field BD-DhUET
008 - FIXED-LENGTH DATA ELEMENTS--GENERAL INFORMATION
fixed length control field 141101b xxu||||| |||| 00| 0 eng d
020 ## - INTERNATIONAL STANDARD BOOK NUMBER
International Standard Book Number 0070108552
040 ## - CATALOGING SOURCE
Transcribing agency 0
Modifying agency BD-DhUET
082 ## - DEWEY DECIMAL CLASSIFICATION NUMBER
Classification number 517.8
Item number CHU/1974
100 ## - MAIN ENTRY--PERSONAL NAME
Personal name Churchill, Ruel V.
245 ## - TITLE STATEMENT
Title Complex variables and applications
250 ## - EDITION STATEMENT
Edition statement 3rd ed.
260 ## - PUBLICATION, DISTRIBUTION, ETC. (IMPRINT)
Place of publication, distribution, etc. New York
Name of publisher, distributor, etc. McGraw-Hill
Date of publication, distribution, etc. 1974
300 ## - PHYSICAL DESCRIPTION
Extent x, 332 p.
Other physical details ill.
Dimensions 23 cm.
504 ## - BIBLIOGRAPHY, ETC. NOTE
Bibliography, etc Includes bibliographies
650 #0 - SUBJECT ADDED ENTRY--TOPICAL TERM
Topical term or geographic name as entry element Complex variables
700 ## - ADDED ENTRY--PERSONAL NAME
Personal name Brown, James W.
700 ## - ADDED ENTRY--PERSONAL NAME
Personal name Verhey, Roger F.
942 ## - ADDED ENTRY ELEMENTS (KOHA)
Koha item type General Book
Holdings
Koha date last seen Not for loan Date acquired Sublocation or collection (holding branch) Koha normalized classification for sorting Source of classification or shelving scheme Koha renewals Price effective from Koha full call number Shelving location Location (home branch) Piece designation (barcode) Damaged status Withdrawn status Lost status Koha date last borrowed Koha item type Copy number
2014-11-01 2014-11-01Central Library, BUET517_800000000000000_CHU_1974  2014-11-01517.8/CHU/1974Circulation sectionCentral Library, BUET39411    General Book1
2014-11-01 2014-11-01Central Library, BUET517_800000000000000_CHU_1974  2014-11-01517.8/CHU/1974Circulation sectionCentral Library, BUET43301    General Book2
2014-11-01 2014-11-01Central Library, BUET517_800000000000000_CHU_1974  2014-11-01517.8/CHU/1974Circulation sectionCentral Library, BUET45109    General Book3
2016-05-18 2014-11-01Central Library, BUET517_800000000000000_CHU_1974  2014-11-01517.8/CHU/1974Circulation sectionCentral Library, BUET52889    General Book4
2016-04-02 2014-11-17Central Library, BUET517_800000000000000_CHU_1974  2014-11-17517.8/CHU/1974Circulation sectionCentral Library, BUET37655    General Book5
2016-08-30 2014-11-17Central Library, BUET517_800000000000000_CHU_1974 22014-11-17517.8/CHU/1974Circulation sectionCentral Library, BUET58032    General Book6
2015-05-03 2015-05-03Central Library, BUET517_800000000000000_CHU_1974  2015-05-03517.8/CHU/1974Circulation sectionCentral Library, BUET52887   0000-00-00General Book7
2015-05-03 2015-05-03Central Library, BUET517_800000000000000_CHU_1974  2015-05-03517.8/CHU/1974Circulation sectionCentral Library, BUET37654    General Book8
2015-05-04 2015-05-04Central Library, BUET517_800000000000000_CHU_1974  2015-05-04517.8/CHU/1974Circulation sectionCentral Library, BUET39412    General Book9
2015-05-20 2015-05-20Central Library, BUET517_800000000000000_CHU_1974  2015-05-20517.8/CHU/1974Circulation sectionCentral Library, BUET58033    General Book10
2015-06-13 2015-06-13Central Library, BUET517_800000000000000_CHU_1974  2015-06-13517.8/CHU/1974Reading sectionCentral Library, BUET24535    Reading Item11
2015-07-13 2015-07-13Central Library, BUET517_800000000000000_CHU_1974  2015-07-13517.8/CHU/1974Circulation sectionCentral Library, BUET43304    General Book12